000 00612nam a22002057a 4500
001 46032
003 BD-RjUL
005 20211209054111.0
008 160730b1969 bg ||||| |||| 00| 0 eng d
035 _a(BD-RjUL) 46150
040 _aBD-RjUL
_beng
_cBD-RjUL
_dBD-RjUL
041 _aeng
082 _223
_a343.41052
_bSHI 1969
100 _aShahadatullah,A.H.
_9140728
245 _aIncome-Tax : law and practice
_b law and practice /
_cShahadatullah,A.H.
260 _aDacca :
_bA.B. Publication,
_c1969
300 _aiv,448p. ;
_c23cm.
650 _xincome tax -- Law and legislation.
_9140729
942 _2ddc
_cBK
999 _c46032
_d46032